| 000 | 00357nam a22001337a 4500 | ||
|---|---|---|---|
| 003 | OSt | ||
| 005 | 20240119105730.0 | ||
| 008 | 240119b |||||||| |||| 00| 0 eng d | ||
| 040 | _c | ||
| 082 |
_2I _a372.1/PAW/SUT |
||
| 245 |
_aAPPLIED SCIENCE _bPHYSISCS AND CHEMISTRY _cPAWAR M S AND SUTAR M A |
||
| 260 |
_aPUNE _bNIRALI PRAKASHAN _c2024 |
||
| 942 |
_2ddc _cBK _n0 |
||
| 999 |
_c36033 _d36033 |
||